<?xml version="1.0" encoding="UTF-8"?>
<record
    xmlns:xsi="http://www.w3.org/2001/XMLSchema-instance"
    xsi:schemaLocation="http://www.loc.gov/MARC21/slim http://www.loc.gov/standards/marcxml/schema/MARC21slim.xsd"
    xmlns="http://www.loc.gov/MARC21/slim">

  <leader>00739na  a2200229   4500</leader>
  <controlfield tag="001">18729</controlfield>
  <controlfield tag="003">MIRAKIL</controlfield>
  <controlfield tag="005">20181213155044.0</controlfield>
  <controlfield tag="008">161125b        tu            000 0      </controlfield>
  <datafield tag="040" ind1=" " ind2=" ">
    <subfield code="a">Milas</subfield>
    <subfield code="b">tur</subfield>
    <subfield code="c">TR-AnCHP</subfield>
  </datafield>
  <datafield tag="041" ind1=" " ind2=" ">
    <subfield code="a">tur</subfield>
  </datafield>
  <datafield tag="082" ind1=" " ind2=" ">
    <subfield code="a">343.56104026</subfield>
    <subfield code="b">T96 [t.y.]</subfield>
  </datafield>
  <datafield tag="090" ind1=" " ind2=" ">
    <subfield code="a">343.56104026 T96 [t.y.]</subfield>
  </datafield>
  <datafield tag="245" ind1=" " ind2=" ">
    <subfield code="a">T&#xFC;rk vergi sistemi</subfield>
    <subfield code="b">sorunlar &#xE7;&#xF6;z&#xFC;m &#xF6;nerileri</subfield>
    <subfield code="c">Maliye Hesap Uzmanlar&#x131; Vakf&#x131; (HUV), T&#xFC;rkiye Odalar ve Borsalar Birli&#x11F;i (TOBB)</subfield>
  </datafield>
  <datafield tag="260" ind1=" " ind2=" ">
    <subfield code="a">Ankara</subfield>
    <subfield code="b">TOBB</subfield>
    <subfield code="c">[t. y.]</subfield>
  </datafield>
  <datafield tag="300" ind1=" " ind2=" ">
    <subfield code="a">15 s.</subfield>
    <subfield code="c">28 sm.</subfield>
  </datafield>
  <datafield tag="500" ind1=" " ind2=" ">
    <subfield code="a">Y&#xF6;netici &#xF6;zeti</subfield>
  </datafield>
  <datafield tag="650" ind1=" " ind2=" ">
    <subfield code="a">Vergi sistemi</subfield>
    <subfield code="z">T&#xFC;rkiye</subfield>
  </datafield>
  <datafield tag="710" ind1=" " ind2=" ">
    <subfield code="a">T&#xFC;rkiye Odalar ve Borsalar Birli&#x11F;i (TOBB)</subfield>
  </datafield>
  <datafield tag="710" ind1=" " ind2=" ">
    <subfield code="a">Maliye Hesap Uzmanlar&#x131; Vakf&#x131; (HUV)</subfield>
  </datafield>
  <datafield tag="942" ind1=" " ind2=" ">
    <subfield code="2">ddc</subfield>
    <subfield code="c">BKS</subfield>
  </datafield>
  <datafield tag="952" ind1=" " ind2=" ">
    <subfield code="a">0001</subfield>
    <subfield code="b">0001</subfield>
    <subfield code="d">2016-11-25</subfield>
    <subfield code="e">2</subfield>
    <subfield code="l">0</subfield>
    <subfield code="o">343.56104026 T96 [t.y.]</subfield>
    <subfield code="p">008888</subfield>
    <subfield code="r">2016-11-25 00:00:00</subfield>
    <subfield code="v">0.00</subfield>
    <subfield code="w">2016-11-25</subfield>
    <subfield code="y">BKS</subfield>
  </datafield>
  <datafield tag="999" ind1=" " ind2=" ">
    <subfield code="c">5690</subfield>
    <subfield code="d">5690</subfield>
  </datafield>
</record>
